|
|
|
|
| LEADER |
00974nam a2200217 a 4500 |
| 001 |
GR-MES15254 |
| 008 |
990713s1986 gr u000 0 gre d |
| 020 |
|
|
|a 9600203036
|
| 040 |
|
|
|a GrPaTEI
|b gre
|c GR-PaULI
|
| 082 |
|
0 |
|a 320
|2 21
|
| 100 |
1 |
|
|a Πασαλάρης, Χρήστος
|
| 245 |
1 |
2 |
|a Η πράσινη αλεπού :
|b 114 άρθρα στη "Μεσημβρινή" /
|c Χρήστου Πασαλάρη.
|
| 260 |
|
|
|a Αθήνα :
|b Παπαζήσης,
|c 1986
|
| 300 |
|
|
|a 544 σ. ;
|c 21 εκ.
|
| 650 |
|
4 |
|a Δημοσιογραφία
|x Πολιτικές απόψεις
|
| 650 |
|
4 |
|a Πολιτική επιστήμη
|
| 650 |
|
4 |
|a Τύπος και πολιτική
|
| 942 |
|
|
|2 ddc
|
| 952 |
|
|
|0 0
|1 0
|2 ddc
|4 0
|6 320_000000000000000_ΠΑΣ
|7 0
|9 273086
|a MSLG
|b MSLG
|c BSC
|d 2021-01-17
|e 24
|f 0
|g 0.00
|l 0
|o 320 ΠΑΣ
|p 2420000023472
|r 2021-01-17 00:00:00
|t 1
|w 2021-01-17
|y BK15
|x 20090911 0 ΤΣΑΝΤΑΡΛΙΩΤΗ 1
|x GrPaTEI
|
| 971 |
|
|
|a .b25813031
|b 16-04-20
|c 13-09-16
|
| 999 |
|
|
|c 158072
|d 158072
|